[Event "Mecklenburg VP LL2 Ost 1718"]
[Site "Mecklenburg VP"]
[Date "2018.03.18"]
[Round "7.2"]
[White "Balz, Christian"]
[Black "Armbruester, Clemens"]
[Result "1-0"]
[WhiteElo "1637"]
[BlackElo "1706"]
[PlyCount "59"]
[EventDate "2017.10.08"]
[EventType "team-tourn"]
[EventRounds "9"]
[EventCountry "GER"]
[SourceTitle "EXT 2022"]
[Source "ChessBase"]
[SourceDate "2021.10.06"]
[SourceVersion "1"]
[SourceVersionDate "2021.10.06"]
[SourceQuality "1"]
[WhiteTeam "Torgelow Droegeheide II"]
[BlackTeam "Guestrow/Teterow II"]
[WhiteTeamCountry "GER"]
[BlackTeamCountry "GER"]

1. e4 c5 2. Nf3 d6 3. d4 cxd4 4. Nxd4 Nf6 5. Nc3 g6 6. Be3 Bg7 7. f3 0-0 8. Qd2 Nc6 9. Bc4 Bd7 10. 0-0-0 Rc8 11. Bb3 Na5 12. Kb1 Nc4 13. Bxc4 Rxc4 14. h4 Qc7 15. h5 Rb8 16. hxg6 hxg6 17. Bh6 Bh8 18. Bf8 Nh5 19. Rxh5 gxh5 20. Bxe7 Qa5 21. Nf5 f6 22. Qxd6 Bxf5 23. Qxb8+ Rc8 24. Qg3+ Kf7 25. exf5 Qxf5 26. Qd6 Rxc3 27. bxc3 Qb5+ 28. Qb4 Qe2 29. Rd7 Qd1+ 30. Rxd1 1-0

[Event "Mecklenburg VP VL 1314"]
[Site "Mecklenburg VP"]
[Date "2014.04.27"]
[Round "9.7"]
[White "Balz, Christian"]
[Black "Siegert, Gregor"]
[Result "0-1"]
[WhiteElo "1622"]
[BlackElo "1859"]
[PlyCount "48"]
[EventDate "2013.10.20"]
[EventType "team-tourn"]
[EventRounds "9"]
[EventCountry "GER"]
[SourceTitle "EXT 2022"]
[Source "ChessBase"]
[SourceDate "2021.10.06"]
[SourceVersion "1"]
[SourceVersionDate "2021.10.06"]
[SourceQuality "1"]
[WhiteTeam "Torgelow Droegeheide"]
[BlackTeam "Schwerin SF III"]
[WhiteTeamCountry "GER"]
[BlackTeamCountry "GER"]

1. e4 c5 2. Nf3 e6 3. d4 cxd4 4. Nxd4 a6 5. Nc3 Nf6 6. Be3 Qc7 7. f3 Bb4 8. Qd2 d5 9. exd5 Nxd5 10. Nde2 Nxe3 11. Qxe3 Nc6 12. 0-0-0 0-0 13. Ne4 b5 14. N2c3 Be7 15. h4 Ne5 16. Kb1 Rb8 17. Bd3 Nc4 18. Bxc4 bxc4 19. Rc1 Qb7 20. Nd1 Rd8 21. Nef2 c3 22. Qxc3 Bb4 23. Qb3 Bd2 24. Nc3 Qc7 0-1

[Event "Mecklenburg VP VL 1112"]
[Site "Mecklenburg VP"]
[Date "2012.01.15"]
[Round "5.7"]
[White "Balz, Christian"]
[Black "Podolskiy, Alexander"]
[Result "0-1"]
[WhiteElo "1706"]
[BlackElo "1856"]
[PlyCount "88"]
[EventDate "2011.10.02"]
[EventType "team-tourn"]
[EventRounds "9"]
[EventCountry "GER"]
[SourceTitle "EXT 2022"]
[Source "ChessBase"]
[SourceDate "2021.10.06"]
[SourceVersion "1"]
[SourceVersionDate "2021.10.06"]
[SourceQuality "1"]
[WhiteTeam "Torgelow Droegeheide"]
[BlackTeam "Wismar ASV Gruen-Weiss"]
[WhiteTeamCountry "GER"]
[BlackTeamCountry "GER"]

1. e4 e5 2. Nf3 d6 3. d4 exd4 4. Nxd4 Nf6 5. Nc3 Be7 6. Be3 0-0 7. f3 Nc6 8. Qd2 Nxd4 9. Bxd4 Be6 10. 0-0-0 a5 11. Kb1 Ne8 12. h4 c6 13. h5 b5 14. h6 Bg5 15. f4 Bxh6 16. Be3 f5 17. e5 d5 18. Qf2 Nc7 19. Qg3 Kh8 20. Be2 Na6 21. Rh3 Rf7 22. Bh5 Rd7 23. Ne2 c5 24. Bf2 a4 25. Qh2 b4 26. Bh4 Qb6 27. Bf3 b3 28. cxb3 axb3 29. a3 Nc7 30. Bg5 Bg8 31. Bxh6 gxh6 32. Rxh6 Qb8 33. Nc3 Ra7 34. Qh4 d4 35. Qf6+ Rg7 36. Ne2 Ra6 37. Qh4 Rxh6 38. Qxh6 Nd5 39. Qc6 Ne3 40. Rg1 Qa7 41. g3 Qa5 42. Rc1 Qd2 43. Qxc5 Qd3+ 44. Ka1 Nc2+ 0-1

[Event "Mecklenburg VP VL 1011"]
[Site "Mecklenburg VP"]
[Date "2011.01.16"]
[Round "5.7"]
[White "Pawlick, Helmut"]
[Black "Balz, Christian"]
[Result "1/2-1/2"]
[WhiteElo "1904"]
[BlackElo "1697"]
[PlyCount "34"]
[EventDate "2010.10.10"]
[EventType "team-tourn"]
[EventRounds "9"]
[EventCountry "GER"]
[SourceTitle "EXT 2022"]
[Source "ChessBase"]
[SourceDate "2021.10.06"]
[SourceVersion "1"]
[SourceVersionDate "2021.10.06"]
[SourceQuality "1"]
[WhiteTeam "Stralsund FHSG"]
[BlackTeam "Torgelow Droegeheide"]
[WhiteTeamCountry "GER"]
[BlackTeamCountry "GER"]

1. e4 c5 2. Nf3 d6 3. d4 cxd4 4. Nxd4 Nf6 5. Nc3 g6 6. Be3 Bg7 7. f3 0-0 8. Qd2 Nc6 9. g4 Nxd4 10. Bxd4 Be6 11. h4 Qa5 12. g5 Nh5 13. Bxg7 Kxg7 14. Bh3 Qe5 15. 0-0-0 Nf4 16. Bg4 Rac8 17. Rhg1 Rc5 1/2-1/2

[Event "Mecklenburg VP LL 0910"]
[Site "Mecklenburg VP"]
[Date "2010.03.28"]
[Round "6.7"]
[White "Weber, Max"]
[Black "Balz, Christian"]
[Result "1/2-1/2"]
[WhiteElo "1784"]
[BlackElo "1646"]
[PlyCount "98"]
[EventDate "2009.10.18"]
[EventType "team-tourn"]
[EventRounds "9"]
[EventCountry "GER"]
[SourceTitle "EXT 2016"]
[Source "ChessBase"]
[SourceDate "2015.10.08"]
[SourceVersion "1"]
[SourceVersionDate "2015.10.08"]
[SourceQuality "1"]
[WhiteTeam "Rostock SSC 07 II"]
[BlackTeam "Torgelow Droegeheide"]
[WhiteTeamCountry "GER"]
[BlackTeamCountry "GER"]

1. d4 Nf6 2. c4 c5 3. d5 e6 4. Nc3 exd5 5. cxd5 d6 6. e4 g6 7. Nf3 Bg7 8. Be2 0-0 9. 0-0 Re8 10. Nd2 a6 11. a4 Nbd7 12. Qc2 Rb8 13. Nc4 Ne5 14. Nxe5 Rxe5 15. Bf4 Re8 16. f3 Nh5 17. Be3 Qh4 18. f4 f5 19. Bd3 Qe7 20. Rfe1 Bxc3 21. bxc3 fxe4 22. Be2 Nf6 23. Qb3 Bg4 24. a5 Qf7 25. c4 Qc7 26. h3 Bxe2 27. Rxe2 Qg7 28. Qb6 Nxd5 29. cxd5 Qxa1+ 30. Kf2 Red8 31. Qc7 Qa4 32. Qe7 Qe8 33. Qg5 Qf7 34. Rb2 Re8 35. Rb6 Qf5 36. Qxf5 gxf5 37. Rxd6 Rbd8 38. Rb6 Rxd5 39. Rxb7 Red8 40. Ra7 R5d6 41. Bxc5 Rd2+ 42. Kg3 R8d3+ 43. Kh4 Rxg2 44. Rxa6 e3 45. Re6 e2 46. a6 Rd1 47. a7 Ra1 48. Re7 Ra6 49. Kh5 Ra4 1/2-1/2

[Event "Mecklenburg VP LL2 Ost 0809"]
[Site "Mecklenburg VP"]
[Date "2009.03.29"]
[Round "9.7"]
[White "Balz, Christian"]
[Black "Staben, Thomas"]
[Result "1/2-1/2"]
[WhiteElo "1624"]
[BlackElo "1770"]
[PlyCount "142"]
[EventDate "2008.09.28"]
[EventType "team-tourn"]
[EventRounds "9"]
[EventCountry "GER"]
[SourceTitle "EXT 2022"]
[Source "ChessBase"]
[SourceDate "2021.10.06"]
[SourceVersion "1"]
[SourceVersionDate "2021.10.06"]
[SourceQuality "1"]
[WhiteTeam "Torgelow Droegeheide"]
[BlackTeam "Warnemuende SF Ostsee II"]
[WhiteTeamCountry "GER"]
[BlackTeamCountry "GER"]

1. e4 b6 2. d4 e6 3. Nc3 Bb7 4. Bf4 a6 5. Qd2 Nf6 6. e5 Ne4 7. Nxe4 Bxe4 8. f3 Bb7 9. 0-0-0 d5 10. exd6 Bxd6 11. Bd3 h6 12. Be4 Bxe4 13. fxe4 Bxf4 14. Qxf4 Qg5 15. Qxg5 hxg5 16. Nf3 f6 17. h3 Ke7 18. d5 e5 19. Rd2 g4 20. Ne1 g5 21. Rf2 Nd7 22. Nd3 a5 23. Rf5 Rh4 24. Rff1 Rah8 25. Nf2 gxh3 26. Rxh3 Rxh3 27. gxh3 Rh4 28. Kd2 Nc5 29. Ke3 Rf4 30. Rg1 Rh4 31. Rg4 Rh8 32. Rg3 Nd7 33. Kd2 Nf8 34. Rc3 Kd8 35. Ng4 Nd7 36. Rf3 Ke7 37. Rc3 Nc5 38. Re3 Rh7 39. a3 Rh8 40. b4 axb4 41. axb4 Nd7 42. Ra3 Rh7 43. c4 Rh8 44. Ne3 Nf8 45. c5 bxc5 46. bxc5 Ng6 47. Nf5+ Ke8 48. Ra8+ Kf7 49. Rxh8 Nxh8 50. c6 Ke8 51. h4 gxh4 52. Nxh4 Nf7 53. Nf5 Nh8 54. Ng7+ Ke7 55. Nh5 Nf7 56. Kd3 Nd6 57. Ng7 Kd8 58. Ne6+ Kc8 59. Ke3 Nc4+ 60. Ke2 Nd6 61. Kf3 Kb8 62. Nc5 Ka7 63. Nd7 f5 64. exf5 Nxf5 65. Nxe5 Kb6 66. Nd7+ Kb5 67. Ke4 Ne7 68. Nb8 Kc5 69. Na6+ Kd6 70. Nxc7 Kxc7 71. Ke5 Nxc6+ 1/2-1/2

[Event "Mecklenburg VP LL2 Ost 0809"]
[Site "Mecklenburg VP"]
[Date "2009.03.15"]
[Round "8.7"]
[White "Sonnenberg, Uwe"]
[Black "Balz, Christian"]
[Result "1/2-1/2"]
[WhiteElo "1520"]
[BlackElo "1624"]
[PlyCount "27"]
[EventDate "2008.09.28"]
[EventType "team-tourn"]
[EventRounds "9"]
[EventCountry "GER"]
[SourceTitle "EXT 2022"]
[Source "ChessBase"]
[SourceDate "2021.10.06"]
[SourceVersion "1"]
[SourceVersionDate "2021.10.06"]
[SourceQuality "1"]
[WhiteTeam "Neubrandenburg SV Turbine"]
[BlackTeam "Torgelow Droegeheide"]
[WhiteTeamCountry "GER"]
[BlackTeamCountry "GER"]

1. g3 Nf6 2. Bg2 g6 3. d4 Bg7 4. e4 0-0 5. Bg5 h6 6. Be3 d5 7. e5 Ne8 8. Qd2 Kh7 9. f4 f5 10. Nf3 e6 11. h4 h5 12. Kf2 Bh6 13. a4 Nd7 14. b4 1/2-1/2

[Event "Mecklenburg VP LL 0708"]
[Site "Mecklenburg VP"]
[Date "2008.04.20"]
[Round "9.7"]
[White "Meier, Klaus"]
[Black "Balz, Christian"]
[Result "1-0"]
[WhiteElo "1781"]
[BlackElo "1652"]
[PlyCount "55"]
[EventDate "2007.10.21"]
[EventType "team-tourn"]
[EventRounds "9"]
[EventCountry "GER"]
[SourceTitle "EXT 2016"]
[Source "ChessBase"]
[SourceDate "2015.10.08"]
[SourceVersion "1"]
[SourceVersionDate "2015.10.08"]
[SourceQuality "1"]
[WhiteTeam "Ludwigslust Post SV"]
[BlackTeam "Torgelow Droegeheide"]
[WhiteTeamCountry "GER"]
[BlackTeamCountry "GER"]

1. d4 Nf6 2. c4 c5 3. d5 e6 4. Nc3 exd5 5. cxd5 d6 6. e4 g6 7. Bb5+ Bd7 8. Bd3 Bg7 9. h3 0-0 10. Nf3 Re8 11. 0-0 a6 12. a4 Bc8 13. Bf4 Qe7 14. Nd2 Nh5 15. Bh2 Nd7 16. f4 Rb8 17. g4 Nhf6 18. a5 Nf8 19. Qf3 N6d7 20. Kg2 b5 21. axb6 Rxb6 22. Ra2 Nb8 23. Nc4 Rb3 24. f5 Bxc3 25. bxc3 Rxc3 26. Bxd6 Qb7 27. Rb2 Rb3 28. Rfb1 1-0

[Event "Mecklenburg VP LL 0708"]
[Site "Mecklenburg VP"]
[Date "2007.11.04"]
[Round "2.8"]
[White "Balz, Christian"]
[Black "Gwiazda, Slawomir"]
[Result "0-1"]
[WhiteElo "1652"]
[BlackElo "1703"]
[PlyCount "110"]
[EventDate "2007.10.21"]
[EventType "team-tourn"]
[EventRounds "9"]
[EventCountry "GER"]
[SourceTitle "EXT 2016"]
[Source "ChessBase"]
[SourceDate "2015.10.08"]
[SourceVersion "1"]
[SourceVersionDate "2015.10.08"]
[SourceQuality "1"]
[WhiteTeam "Torgelow Droegeheide"]
[BlackTeam "Greifswald II"]
[WhiteTeamCountry "GER"]
[BlackTeamCountry "GER"]

1. e4 e6 2. d4 d5 3. Nc3 Nf6 4. Bg5 Be7 5. e5 Nfd7 6. Bxe7 Qxe7 7. f4 0-0 8. Nf3 c5 9. Bd3 f6 10. Nb5 Nc6 11. c3 cxd4 12. cxd4 Qb4+ 13. Qd2 fxe5 14. fxe5 Nb6 15. b3 Bd7 16. Nc3 Kh8 17. Ne2 Be8 18. Bb1 Qxd2+ 19. Kxd2 Bh5 20. Ke3 Bxf3 21. gxf3 a5 22. Bd3 Nb4 23. Rhf1 Rf7 24. a3 Nxd3 25. Kxd3 a4 26. b4 Raf8 27. Ng1 g5 28. h3 Nc4 29. b5 Na5 30. Rab1 Nb3 31. Rxb3 axb3 32. Kc3 Rf4 33. Rd1 Rc8+ 34. Kxb3 Rc4 35. a4 Rfxd4 36. Rxd4 Rxd4 37. a5 Rc4 38. Ne2 Kg7 39. Nc3 Rc7 40. Kb4 Rc4+ 41. Kb3 Kg6 42. b6 Rc6 43. Na4 d4 44. a6 d3 45. axb7 d2 46. b8Q d1Q+ 47. Kb4 Qd5 48. Qg8+ Kh6 49. Qf8+ Kh5 50. Qf7+ Kh4 51. Qxh7+ Kg3 52. b7 Rc4+ 53. Ka3 Qxf3+ 54. Kb2 Rb4+ 55. Kc1 Rxb7 0-1

[Event "Mecklenburg VP LL1 0607"]
[Site "Mecklenburg VP"]
[Date "2007.03.18"]
[Round "7.6"]
[White "Nickel, Reimo"]
[Black "Balz, Christian"]
[Result "1/2-1/2"]
[WhiteElo "1789"]
[BlackElo "1719"]
[PlyCount "46"]
[EventDate "2006.10.15"]
[EventType "team"]
[EventRounds "9"]
[EventCountry "GER"]
[SourceTitle "EXT 2008"]
[Source "ChessBase"]
[SourceDate "2007.11.25"]
[SourceVersion "1"]
[SourceVersionDate "2007.11.25"]
[SourceQuality "1"]
[WhiteTeam "Saal Waterkant"]
[BlackTeam "Torgelow"]
[WhiteTeamCountry "GER"]
[BlackTeamCountry "GER"]

1. d4 Nf6 2. c4 c5 3. d5 e6 4. Nc3 exd5 5. cxd5 d6 6. e4 g6 7. Bg5 Bg7 8. Bb5+ Bd7 9. Bxd7+ Nbxd7 10. Nf3 0-0 11. 0-0 a6 12. Rc1 b5 13. Nd2 Qc7 14. Qc2 Rfe8 15. Ne2 h6 16. Bxf6 Bxf6 17. Ng3 Ne5 18. h3 Bh4 19. Ne2 Qe7 20. Qb3 Kh7 21. Qc2 Rf8 22. Kh1 Rac8 23. Rce1 f5 1/2-1/2

[Event "Mecklenburg VP LL1 0607"]
[Site "Mecklenburg VP"]
[Date "2006.11.19"]
[Round "3.5"]
[White "Balz, Christian"]
[Black "Reimer, Karl"]
[Result "1-0"]
[WhiteElo "1719"]
[BlackElo "1668"]
[PlyCount "49"]
[EventDate "2006.10.15"]
[EventType "team"]
[EventRounds "9"]
[EventCountry "GER"]
[SourceTitle "EXT 2008"]
[Source "ChessBase"]
[SourceDate "2007.11.25"]
[SourceVersion "1"]
[SourceVersionDate "2007.11.25"]
[SourceQuality "1"]
[WhiteTeam "Torgelow"]
[BlackTeam "Wolgast Motor"]
[WhiteTeamCountry "GER"]
[BlackTeamCountry "GER"]

1. e4 d5 2. exd5 Qxd5 3. Nc3 Qa5 4. d4 Bf5 5. Nf3 c6 6. Ne5 Nd7 7. Nc4 Qc7 8. Qf3 Bxc2 9. Bf4 Qc8 10. d5 Ngf6 11. Qe2 Kd8 12. dxc6 Qxc6 13. Qxc2 e6 14. 0-0-0 Nd5 15. Ne5 Nxe5 16. Bxe5 Rc8 17. Bb5 Qc5 18. Rd2 a6 19. Ba4 f6 20. Bg3 g6 21. Nxd5 exd5 22. Qxc5 Rxc5+ 23. Rc2 Bh6+ 24. Kd1 Ra5 25. Bc7+ 1-0

[Event "Mecklenburg VP LL1 0607"]
[Site "Mecklenburg VP"]
[Date "2006.10.15"]
[Round "1.6"]
[White "Klingenberg, Dietrich"]
[Black "Balz, Christian"]
[Result "1/2-1/2"]
[WhiteElo "1631"]
[BlackElo "1719"]
[PlyCount "57"]
[EventDate "2006.10.15"]
[EventType "team"]
[EventRounds "9"]
[EventCountry "GER"]
[SourceTitle "EXT 2008"]
[Source "ChessBase"]
[SourceDate "2007.11.25"]
[SourceVersion "1"]
[SourceVersionDate "2007.11.25"]
[SourceQuality "1"]
[WhiteTeam "Bergen Rugia"]
[BlackTeam "Torgelow"]
[WhiteTeamCountry "GER"]
[BlackTeamCountry "GER"]

1. e4 c5 2. Nf3 d6 3. d4 cxd4 4. Nxd4 Nf6 5. Nc3 g6 6. Bd3 Bg7 7. 0-0 0-0 8. h3 Nc6 9. Nf3 a6 10. a3 Be6 11. Be3 Rc8 12. Qd2 Qc7 13. Bh6 Rfd8 14. Bxg7 Kxg7 15. Ng5 d5 16. exd5 Bxd5 17. Nxd5 Rxd5 18. Nf3 e5 19. Rfe1 Nd4 20. Nxd4 Rxd4 21. c3 Rdd8 22. Qc2 Nd5 23. Rf1 f6 24. g3 Qb8 25. Be4 Rc5 26. c4 Ne7 27. b4 Rcc8 28. c5 Qc7 29. Rad1 1/2-1/2

[Event "Tierpark op 5th"]
[Site "Ueckermuende"]
[Date "2006.09.03"]
[Round "5"]
[White "Balz, Christian"]
[Black "Sturm, Sebastian"]
[Result "0-1"]
[WhiteElo "1665"]
[BlackElo "1439"]
[PlyCount "56"]
[EventDate "2006.09.01"]
[EventType "swiss"]
[EventRounds "5"]
[EventCountry "GER"]
[SourceTitle "EXT 2023"]
[Source "ChessBase"]
[SourceDate "2022.10.05"]
[SourceVersion "1"]
[SourceVersionDate "2022.10.05"]
[SourceQuality "1"]

1. e4 c5 2. Nf3 d6 3. d4 cxd4 4. Nxd4 Nf6 5. Nc3 a6 6. f3 e5 7. Nb3 Be6 8. Be3 Be7 9. Qd2 Nbd7 10. 0-0-0 0-0 11. g4 Rc8 12. Kb1 Nb6 13. g5 Nh5 14. Nc1 f6 15. Qf2 Nd7 16. h4 f5 17. exf5 Bxf5 18. Qg2 Nf4 19. Bxf4 exf4 20. Bd3 Ne5 21. Bxf5 Rxf5 22. Nd5 Nc4 23. b3 Na3+ 24. Ka1 Rxd5 25. Rxd5 Rxc2 26. Qg1 Qc7 27. Qe1 Rg2 28. Nd3 Nc2+ 0-1

[Event "GER-ch op U25"]
[Site "Willingen"]
[Date "2006.06.08"]
[Round "2"]
[White "Jussupow, Alexander"]
[Black "Balz, Christian"]
[Result "0-1"]
[WhiteElo "1972"]
[BlackElo "1637"]
[PlyCount "44"]
[EventDate "2006.06.04"]
[EventType "swiss"]
[EventRounds "9"]
[EventCountry "GER"]
[SourceTitle "EXT 2007"]
[Source "ChessBase"]
[SourceDate "2006.11.23"]
[SourceVersion "1"]
[SourceVersionDate "2006.11.23"]
[SourceQuality "1"]

1. d4 Nf6 2. Nf3 c5 3. e3 cxd4 4. exd4 e6 5. Bd3 Be7 6. Nbd2 d6 7. b3 a6 8. c4 b6 9. Bb2 Bb7 10. 0-0 Nbd7 11. Re1 0-0 12. Rc1 Rc8 13. Qe2 Re8 14. Bb1 Qc7 15. Qd3 Nf8 16. Ng5 Ng6 17. Nde4 Nd7 18. Qh3 Ndf8 19. Qc3 f5 20. Nxe6 Nxe6 21. Ng3 Bf6 22. Nxf5 Nef4 0-1

[Event "GER-ch op U25"]
[Site "Willingen"]
[Date "2006.06.05"]
[Round "4"]
[White "Geshnizjani, Ramin Tobias"]
[Black "Balz, Christian"]
[Result "0-1"]
[WhiteElo "2035"]
[BlackElo "1637"]
[PlyCount "62"]
[EventDate "2006.06.04"]
[EventType "swiss"]
[EventRounds "9"]
[EventCountry "GER"]
[SourceTitle "EXT 2007"]
[Source "ChessBase"]
[SourceDate "2006.11.23"]
[SourceVersion "1"]
[SourceVersionDate "2006.11.23"]
[SourceQuality "1"]

1. e4 c5 2. Nf3 d6 3. d4 cxd4 4. Nxd4 Nf6 5. Nc3 g6 6. Be3 Bg7 7. Be2 Nc6 8. Qd2 0-0 9. 0-0-0 Nxd4 10. Bxd4 Be6 11. f4 Qa5 12. a3 Rfc8 13. g4 Rab8 14. f5 Bc4 15. Bf3 b5 16. g5 Nd7 17. Bxg7 Kxg7 18. Qd4+ Ne5 19. f6+ Kg8 20. Qf2 b4 21. Qh4 Qd8 22. axb4 Nxf3 23. Qf4 Ne5 24. h4 exf6 25. gxf6 h5 26. Rh2 Kh7 27. Rhd2 Rxb4 28. Qxe5 Rc5 29. Qxd6 Qa5 30. Qf8 Qa1+ 31. Nb1 Qxb2# 0-1

[Event "Mecklenburg VP LL1 0506"]
[Site "Mecklenburg VP"]
[Date "2006.01.15"]
[Round "5.6"]
[White "Balz, Christian"]
[Black "Boesenberg, Heiko"]
[Result "1-0"]
[WhiteElo "1637"]
[BlackElo "1641"]
[PlyCount "37"]
[EventDate "2005.10.23"]
[EventType "team"]
[EventRounds "9"]
[EventCountry "GER"]
[SourceTitle "EXT 2008"]
[Source "ChessBase"]
[SourceDate "2007.11.25"]
[SourceVersion "1"]
[SourceVersionDate "2007.11.25"]
[SourceQuality "1"]
[WhiteTeam "Torgelow"]
[BlackTeam "Wolgast Motor"]
[WhiteTeamCountry "GER"]
[BlackTeamCountry "GER"]

1. e4 e6 2. d4 d5 3. Nc3 Nf6 4. Bg5 Be7 5. Bxf6 Bxf6 6. e5 Be7 7. f4 0-0 8. Qh5 c5 9. Nf3 Nc6 10. 0-0-0 a6 11. h4 b5 12. Bd3 h6 13. g4 f5 14. exf6 Bxf6 15. Qg6 Nxd4 16. Ng5 Bxg5 17. hxg5 Rxf4 18. Rxh6 Rxg4 19. Rh8+ 1-0

[Event "Mecklenburg VP LL1 0506"]
[Site "Mecklenburg VP"]
[Date "2005.11.13"]
[Round "2.6"]
[White "Manke, Karsten"]
[Black "Balz, Christian"]
[Result "1/2-1/2"]
[WhiteElo "1838"]
[BlackElo "1637"]
[PlyCount "72"]
[EventDate "2005.10.23"]
[EventType "team"]
[EventRounds "9"]
[EventCountry "GER"]
[SourceTitle "EXT 2008"]
[Source "ChessBase"]
[SourceDate "2007.11.25"]
[SourceVersion "1"]
[SourceVersionDate "2007.11.25"]
[SourceQuality "1"]
[WhiteTeam "Stralsund FHSG II"]
[BlackTeam "Torgelow"]
[WhiteTeamCountry "GER"]
[BlackTeamCountry "GER"]

1. e4 c5 2. Nf3 d6 3. d4 cxd4 4. Nxd4 Nf6 5. Nc3 g6 6. Be2 Bg7 7. Be3 Nc6 8. 0-0 0-0 9. Nb3 a6 10. f4 b5 11. a3 Bb7 12. Bf3 Rc8 13. Qe2 Na5 14. Nxa5 Qxa5 15. Qf2 Nd7 16. Bd2 Rc4 17. Qe1 Rfc8 18. Kh1 Qd8 19. Qh4 a5 20. Be2 Bxc3 21. Bxc3 Rxc3 22. bxc3 Bxe4 23. Qg3 Rc5 24. a4 bxa4 25. Rxa4 Bxc2 26. Ra3 Nf6 27. Bd3 Ne4 28. Qe3 Bxd3 29. Qxd3 Qa8 30. Qf3 Qc6 31. Rfa1 Rxc3 32. Rxc3 Qxc3 33. Qxc3 Nxc3 34. g3 f5 35. Rxa5 Kf7 36. Ra7 Ne4 1/2-1/2